000 00521nam a2200169 a 4500
001 000041827
005 20201002035757.0
008 131018s1980 sp 000 0 spa d
020 _a8430033386
040 _aDO-SdBNP
_bspa
_cBNPHU
082 _axxx
_bB957n
100 1 _aBurgo, Jaime Ignacio del
_968703
245 1 0 _aNavarra en la Encrucijada /
_cJaime Ignacio del Burgo ; prólogo Cecilio Valverde.
260 _aPamplona :
_b[s.n.],
_c1980.
300 _a262 p. ;
_c17 cm.
700 1 2 _aValverde, Cecilio
_epról.
_968704
999 _c41316
_d41316